Republican Primary Candidates in 2024 - Statistics

General Stats
  • This quiz has been taken 102 times
    46 since last reset
  • The average score is 7 of 9
Answer Stats
Position Answer % Correct
Fmr. President Donald Trump
98%
Florida Governor Ron DeSantis
95%
Fmr. Vice President Mike Pence
90%
Fmr. SC Gov; Fmr. UN Amb. Nikki Haley
90%
Fmr. New Jersey Governor Chris Christie
76%
Entrepreneur Vivek Ramaswamy
76%
South Carolina Senator Tim Scott
67%
Fmr. Arkansas Governor Asa Hutchinson
52%
North Dakota Governor Doug Burgum
50%
No matching quizzes found
Score Distribution
Percent of People with Each Score
Percentile by Number Answered
Your Score History
You have not taken this quiz since the last reset